000 00629nam a22002297a 4500
003 UA-OsUOA
001 78705
007 ta
008 20111018b un ||||| |||| 00| 0 ukr d
100 _aФейхтвангер Л.
090 _a821.161.1
_bФ36
942 _cBK
040 _aUA-OsUOA
_brus
_cUA-OsUOA
_dUA-OsUOA
245 _aБезобразная герцогиня. Семья опперман
300 _a608 с.
955 _a3
041 _arus
080 _a821.161.1
260 _aМ.
_bПравда
_c1982
650 7 _a82 Література. Літературознавство
_2UDC
999 _c365023
_d365023